<?xml version="1.0" encoding="UTF-8"?>
<record
    xmlns:xsi="http://www.w3.org/2001/XMLSchema-instance"
    xsi:schemaLocation="http://www.loc.gov/MARC21/slim http://www.loc.gov/standards/marcxml/schema/MARC21slim.xsd"
    xmlns="http://www.loc.gov/MARC21/slim">

  <leader>00942nam a22001937a 4500</leader>
  <controlfield tag="008">130709t        xxu||||| |||| 00| 0 spa d</controlfield>
  <datafield tag="020" ind1=" " ind2=" ">
    <subfield code="a">978-968-18-0992-8</subfield>
  </datafield>
  <datafield tag="050" ind1=" " ind2=" ">
    <subfield code="a">HM66 S45 2012</subfield>
  </datafield>
  <datafield tag="100" ind1=" " ind2=" ">
    <subfield code="a">Shepard, Jon M.</subfield>
  </datafield>
  <datafield tag="245" ind1=" " ind2=" ">
    <subfield code="a">Sociolog&#xED;a</subfield>
    <subfield code="c">/ Jon M. Shepard, Sylvia Southard Odam, Brent Taylor Bruton</subfield>
  </datafield>
  <datafield tag="260" ind1=" " ind2=" ">
    <subfield code="a">M&#xE9;xico </subfield>
    <subfield code="b">: Limusa</subfield>
    <subfield code="c">,2012.</subfield>
  </datafield>
  <datafield tag="300" ind1=" " ind2=" ">
    <subfield code="a">295 p.</subfield>
    <subfield code="c">; 23 cm.</subfield>
  </datafield>
  <datafield tag="500" ind1=" " ind2=" ">
    <subfield code="a">Educaci&#xF3;n Mixta Derecho / Sociolog&#xED;a B03 (21 001773)</subfield>
  </datafield>
  <datafield tag="505" ind1=" " ind2=" ">
    <subfield code="a">Sociolog&#xED;a como ciencia, cultura, funci&#xF3;n social y rol o papel desempe&#xF1;ado, socializaci&#xF3;n, desviaci&#xF3;n social, estratificaci&#xF3;n social, organizaciones sociales, grupos, instituciones sociales, familia, religi&#xF3;n, instituci&#xF3;n pol&#xED;tica, educaci&#xF3;n, econom&#xED;a, cambio social, comportamiento colectivo, demograf&#xED;a. </subfield>
  </datafield>
  <datafield tag="650" ind1=" " ind2=" ">
    <subfield code="2">SOCIOLOG&#xCD;A -- ESTUDIO Y ENSE&#xD1;ANZA</subfield>
  </datafield>
  <datafield tag="700" ind1=" " ind2=" ">
    <subfield code="a">SOUTHARD Odom, Sylvia, coaut.</subfield>
  </datafield>
  <datafield tag="700" ind1=" " ind2=" ">
    <subfield code="a">TAYLOR Bruton, Brent, coaut.</subfield>
  </datafield>
  <datafield tag="942" ind1=" " ind2=" ">
    <subfield code="c">LB</subfield>
    <subfield code="2">ddc</subfield>
  </datafield>
  <datafield tag="952" ind1=" " ind2=" ">
    <subfield code="0">0</subfield>
    <subfield code="1">0</subfield>
    <subfield code="2">lcc</subfield>
    <subfield code="4">0</subfield>
    <subfield code="7">0</subfield>
    <subfield code="a">21</subfield>
    <subfield code="b">21</subfield>
    <subfield code="d">2013-07-09</subfield>
    <subfield code="l">24</subfield>
    <subfield code="o">HM66 S45 2012</subfield>
    <subfield code="p">21 001773</subfield>
    <subfield code="r">2018-02-08</subfield>
    <subfield code="s">2018-02-08</subfield>
    <subfield code="t">1</subfield>
    <subfield code="w">2013-07-09</subfield>
    <subfield code="y">LB</subfield>
  </datafield>
  <datafield tag="999" ind1=" " ind2=" ">
    <subfield code="c">90167</subfield>
    <subfield code="d">90167</subfield>
  </datafield>
</record>
